Reciclado : una respuesta al problema de la basura /

Bibliographic Details
Main Author: Cantoni, Norma
Format: Book
Language:Spanish
Published: Buenos Aires : Albatros, [1997]
Series:Albatros tus maravillas.
Aventuras con la ciencia.
Subjects:

MARC

Tag First Indicator Second Indicator Subfields
LEADER 00000cam a2200000Ia 4500
001 in00001517708
005 20151021162905.0
008 000131s1997 ag a j 000 0 spa d
020 |a 9502406621 
035 |a (OCoLC)43369625 
040 |a TXA  |c TXA  |d UtOrBLW 
049 |a TXAM 
090 |a TD794.5  |b .C36 1997 
100 1 |a Cantoni, Norma. 
245 1 0 |a Reciclado :  |b una respuesta al problema de la basura /  |c Norma Cantoni ; [asesora psicopedagógica, Lucía Molteni ; ilustraciones, Adrián Borlasca]. 
264 1 |a Buenos Aires :  |b Albatros,  |c [1997] 
264 4 |c ©1997 
300 |a 94 pages :  |b illustrations ;  |c 26 cm. 
336 |a text  |b txt  |2 rdacontent 
337 |a unmediated  |b n  |2 rdamedia 
338 |a volume  |b nc  |2 rdacarrier 
490 1 |a Albatros tus maravillas 
490 1 |a Aventuras con la ciencia 
650 0 |a Recycling (Waste, etc.)  |v Juvenile literature. 
650 0 |a Refuse and refuse disposal  |v Juvenile literature. 
830 0 |a Albatros tus maravillas. 
830 0 |a Aventuras con la ciencia. 
994 |a E0  |b TXA 
948 |a cataloged  |b h  |c 2000/1/31  |d c  |e bhartsfi  |f 10:58:41 am 
999 |a MARS 
999 f f |s ace7d4ae-9049-3fb0-8101-47923464baec  |i f7dd9843-d4e3-3800-82c5-084dedb69157  |t 0 
952 f f |p ric  |a Texas A&M University  |b Rellis Campus  |c Joint Library Facility  |d Remote Storage  |t 0  |e TD794.5 .C36 1997  |h Library of Congress classification  |i unmediated -- volume  |m A14825581125 
998 f f |a TD794.5 .C36 1997  |t 0  |l Remote Storage